| 000 | 00939nam a2200241 a 4500 | ||
|---|---|---|---|
| 001 | 77702 | ||
| 003 | BD-RjUL | ||
| 005 | 20211209083019.0 | ||
| 008 | 201229s1979 bg ||||| |||| 00| 0 ben d | ||
| 020 | _c: Tk ৫০.০০ | ||
| 035 | _a(BD-RjUL)77928 | ||
| 040 |
_aBD-RjUL _bben _cBD-RjUL |
||
| 041 | _aben | ||
| 082 |
_223 _a759.297 _bHAI 1986 |
||
| 100 |
_aহাসান, সৈয়দ মাহমুদূল _9175100 |
||
| 245 | 1 | 0 |
_aইসলামে চিত্রকলা / _cসৈয়দ মাহমুদুল হাসান |
| 260 |
_aঢাকা : _bইসলামী গবেষণা ও প্রকাশনা , _c১৯৮৬ |
||
| 300 |
_a২১৫ পৃ. ; _c২১ সেমি. |
||
| 490 | _aইসলামী শিল্পকলা সিরিজ ; নং- ১ | ||
| 650 |
_aচিত্রকলা _xইসলাম _9179245 |
||
| 650 |
_aArt _xIslam _9188540 |
||
| 942 |
_2ddc _cBK |
||
| 999 |
_c77702 _d77702 |
||